000
00318nam a22001457a 4500
008
210310b ||||| |||| 00| 0 eng d
020
_a
9780078819360
041
_a
eng
080
_a
004
082
_a
004
100
_a
28
101
_a
SHKI
245
_a
How Computers Really Work
_c
Pandit, M. S
942
_2
udc
_c
BK
999
_c
56126
_d
56126